000 01020nam a2200277 i 4500
001 105043
003 ES-MaACL
005 20250221124218.0
007 t|
008 060607s1966 sp ||||1| spa d
080 _a75 Janicot, Françoise (083.82)
100 1 _aJanicot, Françoise.
_966022
245 1 0 _aFrançoise Janicot
_b: [exposición, Sala del Prado del Ateneo de Madrid, enero de 1967] /
_c[texto: Renée Beslon].
260 _a[Madrid] :
_bPublicaciones Españolas,
_c[1966]
300 _a[12] p. :
_bil. ;
_c23 cm.
490 1 _aCuadernos de arte. Serie divulgación ;
_v65
600 0 4 _aJanicot, Françoise
_966022
610 2 7 _aAteneo de Madrid-
_vExposiciones-
_y1960-1969.
_91920
655 7 _2tgfbne
_9193628
_aCatálogos de exposiciones
700 1 _aBeslon, Renée.
_928580
710 2 _aAteneo de Madrid.
_bSala del Prado.
_91965
830 0 _aCuadernos de arte. Serie divulgación ;
_v65
_9184876
852 _aES-MaACL
_j2204-F-34
_bR.137545
942 _2udc
999 _c105043
_d105043